000 00615nam a2200169u 4500
001 000001505
005 20200929145612.0
008 840830s1940 sp a 000 0 spa
040 _aDO-SdBNP
_bspa
_cBNPHU
100 2 _aPuertas Gallardo, Fernando. [from old catalog]
_94973
245 1 3 _aEl tiro de la artilleria de campana; /
_cmanual de campo del oficial de bateria.
250 _a7. ed., rev. y corr.
260 _aMadrid, :
_bE. Dossat,
_c1940.
300 _a421 p. :
_billus. ;
_c23 cm.
650 0 _aArtillery drill and tactics. [from old catalog]
_94974
650 0 _aShooting, military. [from old catalog]
_94975
999 _c1410
_d1410